| 000 | 02204nam0a2200397 4500 | ||
|---|---|---|---|
| 001 | RU\NLR\bibl\1872133 | ||
| 005 | 20260409072417.0 | ||
| 010 |
_a978-5-89016-721-7 _9500 |
||
| 021 |
_aRU _b2012-7567 _9559 |
||
| 035 | _a(nilc)RSL-KNO-005389765 | ||
| 035 | _a(NLR Aleph) 001861963 | ||
| 090 |
_a2543752 _c2543752 |
||
| 100 | _a20120213d2011 |||y0rusy50 ca | ||
| 101 | 0 |
_arus _aeng _ager |
|
| 102 | _aRU | ||
| 105 | _aa ||||||||| | ||
| 200 | 1 |
_aФундаментальные и прикладные исследования в системе образования _dBasic researches and application studies in educational system _eсборник научных трудов IX Международной научно-практической конференции (заочной), 28 февраля 2011 г. _f[редкол.: Болдырев Н. Н. (отв. ред.) и др.] _zeng |
|
| 210 |
_aТамбов _cТГУ _d2011 |
||
| 215 |
_a141 с. _cил., табл. _d29 |
||
| 300 | _aВ надзаг.: М-во образования и науки Российской Федерации, Гос. образовательное учреждение высш. проф. образования "Тамбовский гос. ун-т им. Г. Р. Державина" | ||
| 300 | _aТекст рус., англ., нем. | ||
| 320 | _aБиблиогр. в конце докл. | ||
| 510 | 1 |
_aBasic researches and application studies in educational system _zeng |
|
| 606 |
_aОбразование _jСъезды, совещания и т.п. _91614809 _3RU\NLR\auth\661010307 |
||
| 686 |
_aЯ43(2Р)3 _2rubbk |
||
| 686 | _aЧ34я431 | ||
| 702 | 1 |
_4340 _aБолдырев _bН. Н. _cд-р филол. наук _gНиколай Николаевич _9137036 _3RU\NLR\AUTH\770137071 |
|
| 712 | 0 | 2 |
_4570 _aТамбовский государственный университет им. Г. Р. Державина _9330608 _3RU\NLR\AUTH\889917219 |
| 801 | 0 |
_aRU _bRuMoRKP _c20120213 _grcr |
|
| 801 | 1 |
_aRU _bРГБ _c20120213 |
|
| 801 | 2 |
_aRU _bNLR _c20120220 _grcr |
|
| 942 | _cBOOK | ||
| 980 | _aNB | ||
| 980 | _aNBR | ||